| 000 | 00676nam a22002057a 4500 | ||
|---|---|---|---|
| 005 | 20231222115538.0 | ||
| 010 | _aENG-138716 | ||
| 020 |
_c1195.00 _a9789390897346 |
||
| 035 | _aEN-122248 | ||
| 037 | _bDBAD/PUB | ||
| 082 |
_a379.154 _21 |
||
| 100 |
_aArulsamy, S _960171 |
||
| 245 |
_aEconomics of Education/ _bBy S. Arulsamy and J. Jeyadevi |
||
| 250 | _a1 | ||
| 260 |
_aNew Delhi _bNeelkamal Publications _c2022 |
||
| 270 |
_a4764/1, 23, Ansari Road, Daryaganj _bNew Delhi _e110002 _k011-23244237 _k98118-28953 _mneelkamalbooks@gmail.com |
||
| 300 |
_axiv+240p. _c25cm(hbk) |
||
| 700 |
_aJeyadevi, J _eAuthor _960169 |
||
| 942 |
_2ddc _cEN _h379.154 _mARU _e1 |
||
| 999 |
_c199777 _d199777 |
||